000 00912namaa2200217 i 4500
001 174377
003 ES-MaACL
005 20230906215517.0
008 100412s1916 sp | |||| ||spa d
080 _a582.28(460)
100 1 _aGonzález Fragoso, Romualdo.
_958637
245 1 0 _aMicromicetos varios de España y de Cerdaña /
_cpor Romualdo González Fragoso.
260 _aMadrid :
_bJunta para Ampliación de Estudios e Investigaciones Científicas,
_c1916.
300 _a115 p. :
_bil. ;
_c23 cm.
490 1 _aTrabajos del Museo Nacional de Ciencias Naturales. Serie botánica ;
_v9
650 4 _aMicrohongos-
_zEspaña.
_9142484
710 2 _aJunta para la Ampliación de Estudios e Investigaciones Científicas.
_95413
830 1 _aTrabajos del Museo Nacional de Ciencias Naturales. Serie botánica ;
_v9
_9189324
852 4 _aES-MaACL
_jB-13137(2)
_z- Enc. con otras obras
999 _c174377
_d174377